[Event "DEM U18w 2022"]
[Site "Willingen GER"]
[Date "2022.06.05"]
[Round "1"]
[White "Bardorz, Jana"]
[Black "Cheredzhiyska, Iva"]
[Result "1-0"]
[Termination "normal"]
[Board "1"]
[WhiteElo "1974"]
[BlackElo "1696"]
[WhiteClock "01:30:57"]
[BlackClock "01:30:54"]
[PlyCount "85"]
[WhiteFideId "16208897"]
[BlackFideId "16241622"]
[EventCountry "GER"]
[EventRounds "9"]
[EventType "swiss"]
[EventDate "2022.06.04"]

1. e4 {[%clk 1:30:57]} e5 {[%clk 1:30:54]} 2. Nf3 {[%clk 1:30:57]} Nc6 {[%clk
1:30:54]} 3. Bc4 {[%clk 1:30:57]} Bc5 {[%clk 1:30:54]} 4. c3 {[%clk 1:30:57]}
Nf6 {[%clk 1:30:54]} 5. d4 {[%clk 1:30:57]} exd4 {[%clk 1:30:54]} 6. e5 {[%clk
1:30:57]} d5 {[%clk 1:30:54]} 7. Bb5 {[%clk 1:30:57]} Ne4 {[%clk 1:30:54]} 8.
cxd4 {[%clk 1:30:57]} Bb4+ {[%clk 1:30:54]} 9. Bd2 {[%clk 1:30:57]} Nxd2 {[%clk
1:30:54]} 10. Nbxd2 {[%clk 1:30:57]} O-O {[%clk 1:30:54]} 11. O-O {[%clk
1:30:57]} Bg4 {[%clk 1:30:54]} 12. Bxc6 {[%clk 1:30:57]} bxc6 {[%clk 1:30:54]}
13. Qa4 {[%clk 1:30:57]} Bxd2 {[%clk 1:30:54]} 14. Nxd2 {[%clk 1:30:57]} Qg5
{[%clk 1:30:54]} 15. f4 {[%clk 1:30:57]} Qg6 {[%clk 1:30:54]} 16. Qb3 {[%clk
1:30:57]} Rab8 {[%clk 1:30:54]} 17. Qc3 {[%clk 1:30:57]} Rb6 {[%clk 1:30:54]}
18. Rac1 {[%clk 1:30:57]} Rfb8 {[%clk 1:30:54]} 19. b3 {[%clk 1:30:57]} Bf5
{[%clk 1:30:54]} 20. Rf3 {[%clk 1:30:57]} Qh5 {[%clk 1:30:54]} 21. Nf1 {[%clk
1:30:57]} Bg4 {[%clk 1:30:54]} 22. Rf2 {[%clk 1:30:57]} Bd7 {[%clk 1:30:54]}
23. f5 {[%clk 1:30:57]} Qh4 {[%clk 1:30:54]} 24. Qe3 {[%clk 1:30:57]} Re8
{[%clk 1:30:54]} 25. Rc3 {[%clk 1:30:57]} a5 {[%clk 1:30:54]} 26. Rf4 {[%clk
1:30:57]} Qg5 {[%clk 1:30:54]} 27. Qf2 {[%clk 1:30:57]} h5 {[%clk 1:30:54]} 28.
Rg3 {[%clk 1:30:57]} Qh6 {[%clk 1:30:54]} 29. Rh3 {[%clk 1:30:57]} g5 {[%clk
1:30:54]} 30. fxg6 {[%clk 1:30:57]} fxg6 {[%clk 1:30:54]} 31. Rg3 {[%clk
1:30:57]} h4 {[%clk 1:30:54]} 32. Rxh4 {[%clk 1:30:57]} Qg7 {[%clk 1:30:54]}
33. Ne3 {[%clk 1:30:57]} Rf8 {[%clk 1:30:54]} 34. Rf4 {[%clk 1:30:57]} Rxf4
{[%clk 1:30:54]} 35. Qxf4 {[%clk 1:30:57]} Rb8 {[%clk 1:30:54]} 36. Qg5 {[%clk
1:30:57]} Kh7 {[%clk 1:30:54]} 37. h4 {[%clk 1:30:57]} Qh6 {[%clk 1:30:54]} 38.
Qe7+ {[%clk 1:30:57]} Qg7 {[%clk 1:30:54]} 39. Qxg7+ {[%clk 1:30:57]} Kxg7
{[%clk 1:30:54]} 40. h5 {[%clk 1:30:57]} Be8 {[%clk 1:30:54]} 41. Nf5+ {[%clk
1:30:57]} Kh7 {[%clk 1:30:54]} 42. hxg6+ {[%clk 1:30:57]} Kg8 {[%clk 1:30:54]}
43. g7 {[%clk 1:30:57]} 1-0

[Event "DEM U18w 2022"]
[Site "Willingen GER"]
[Date "2022.06.05"]
[Round "1"]
[White "Rudolph, Eva"]
[Black "Wilmink, Anna"]
[Result "1-0"]
[Termination "normal"]
[Board "3"]
[WhiteElo "1860"]
[BlackElo "1716"]
[WhiteClock "00:02:15"]
[BlackClock "00:13:34"]
[PlyCount "81"]
[WhiteFideId "16200594"]
[BlackFideId "16273680"]
[EventCountry "GER"]
[EventRounds "9"]
[EventType "swiss"]
[EventDate "2022.06.04"]

1. e4 {[%clk 1:30:57]} c5 {[%clk 1:30:55]} 2. Nf3 {[%clk 1:31:23]} g6 {[%clk
1:31:18]} 3. d4 {[%clk 1:31:33]} cxd4 {[%clk 1:31:41]} 4. Nxd4 {[%clk 1:31:56]}
Nc6 {[%clk 1:32:03]} 5. c4 {[%clk 1:32:13]} Bg7 {[%clk 1:32:16]} 6. Be3 {[%clk
1:32:23]} Nf6 {[%clk 1:32:28]} 7. Nc3 {[%clk 1:32:42]} O-O {[%clk 1:32:43]} 8.
Be2 {[%clk 1:32:46]} d6 {[%clk 1:32:40]} 9. O-O {[%clk 1:32:35]} Bd7 {[%clk
1:32:30]} 10. Qd2 {[%clk 1:32:11]} Ng4 {[%clk 1:30:30]} 11. Bxg4 {[%clk
1:30:02]} Bxg4 {[%clk 1:30:42]} 12. f3 {[%clk 1:25:43]} Bd7 {[%clk 1:28:46]}
13. Rfd1 {[%clk 1:21:42]} Ne5 {[%clk 1:22:14]} 14. b3 {[%clk 1:20:09]} Rc8
{[%clk 1:15:43]} 15. Rac1 {[%clk 1:19:16]} b6 {[%clk 1:02:11]} 16. Nd5 {[%clk
1:03:29]} f5 {[%clk 0:54:33]} 17. Bg5 {[%clk 0:54:00]} Rf7 {[%clk 0:51:21]} 18.
exf5 {[%clk 0:42:24]} Bxf5 {[%clk 0:49:39]} 19. Qe3 {[%clk 0:33:53]} Bf8 {[%clk
0:43:54]} 20. Nxf5 {[%clk 0:30:22]} Rxf5 {[%clk 0:42:30]} 21. f4 {[%clk
0:19:21]} Nc6 {[%clk 0:39:10]} 22. Qe6+ {[%clk 0:19:39]} Rf7 {[%clk 0:37:18]}
23. f5 {[%clk 0:17:30]} gxf5 {[%clk 0:34:39]} 24. Rc3 {[%clk 0:17:28]} Qe8
{[%clk 0:29:46]} 25. Rg3 {[%clk 0:14:34]} Kh8 {[%clk 0:28:34]} 26. Rdd3 {[%clk
0:05:11]} Ne5 {[%clk 0:26:24]} 27. Bf6+ {[%clk 0:04:26]} Bg7 {[%clk 0:21:56]}
28. Bxg7+ {[%clk 0:04:08]} Rxg7 {[%clk 0:21:56]} 29. Rxg7 {[%clk 0:04:17]} Kxg7
{[%clk 0:22:04]} 30. Rg3+ {[%clk 0:04:37]} Ng6 {[%clk 0:21:30]} 31. Nxe7 {[%clk
0:02:47]} f4 {[%clk 0:17:34]} 32. Nf5+ {[%clk 0:01:53]} Kf8 {[%clk 0:17:29]}
33. Qf6+ {[%clk 0:01:54]} Qf7 {[%clk 0:17:36]} 34. Qxf7+ {[%clk 0:00:46]} Kxf7
{[%clk 0:17:57]} 35. Nxd6+ {[%clk 0:01:10]} Kf8 {[%clk 0:17:05]} 36. Rxg6
{[%clk 0:01:02]} hxg6 {[%clk 0:13:42]} 37. Nxc8 {[%clk 0:01:24]} Ke8 {[%clk
0:13:26]} 38. Nxa7 {[%clk 0:01:48]} Kd7 {[%clk 0:13:47]} 39. Kf2 {[%clk
0:02:02]} Kd6 {[%clk 0:13:40]} 40. Kf3 {[%clk 0:01:52]} Ke5 {[%clk 0:13:34]}
41. Nc8 {[%clk 0:02:15]} 1-0

[Event "DEM U18w 2022"]
[Site "Willingen GER"]
[Date "2022.06.05"]
[Round "1"]
[White "Berghold, Lotta"]
[Black "Basovskiy, Jana"]
[Result "1/2-1/2"]
[Termination "normal"]
[Board "4"]
[WhiteElo "1552"]
[BlackElo "1938"]
[WhiteClock "00:02:09"]
[BlackClock "00:01:49"]
[PlyCount "67"]
[WhiteFideId "16243463"]
[BlackFideId "16208617"]
[EventCountry "GER"]
[EventRounds "9"]
[EventType "swiss"]
[EventDate "2022.06.04"]

1. Nf3 {[%clk 1:30:57]} Nf6 {[%clk 1:30:45]} 2. g3 {[%clk 1:31:17]} e6 {[%clk
1:29:27]} 3. Bg2 {[%clk 1:31:37]} d5 {[%clk 1:29:19]} 4. d3 {[%clk 1:30:47]}
Bd6 {[%clk 1:25:34]} 5. O-O {[%clk 1:31:09]} O-O {[%clk 1:25:48]} 6. Nc3 {[%clk
1:25:45]} c6 {[%clk 1:24:30]} 7. e4 {[%clk 1:23:03]} dxe4 {[%clk 1:13:45]} 8.
Nxe4 {[%clk 1:23:21]} Nxe4 {[%clk 1:14:07]} 9. dxe4 {[%clk 1:23:48]} Qc7 {[%clk
1:08:48]} 10. Qe2 {[%clk 1:19:44]} e5 {[%clk 1:09:05]} 11. Nh4 {[%clk 1:03:02]}
Be6 {[%clk 1:02:48]} 12. b3 {[%clk 0:54:56]} Bc5 {[%clk 0:52:14]} 13. Bb2
{[%clk 0:42:58]} Nd7 {[%clk 0:52:03]} 14. Rad1 {[%clk 0:39:22]} Rfe8 {[%clk
0:38:01]} 15. h3 {[%clk 0:35:23]} a5 {[%clk 0:33:09]} 16. a3 {[%clk 0:23:08]}
a4 {[%clk 0:23:21]} 17. b4 {[%clk 0:23:07]} Be7 {[%clk 0:23:43]} 18. Nf5 {[%clk
0:19:15]} b5 {[%clk 0:18:10]} 19. Ne3 {[%clk 0:16:30]} Nb6 {[%clk 0:17:50]} 20.
Bc1 {[%clk 0:12:55]} Nc4 {[%clk 0:13:09]} 21. Rfe1 {[%clk 0:11:17]} Rad8 {[%clk
0:11:21]} 22. Rxd8 {[%clk 0:10:26]} Rxd8 {[%clk 0:11:44]} 23. Rd1 {[%clk
0:08:56]} Rd7 {[%clk 0:08:56]} 24. Qe1 {[%clk 0:05:41]} Qd8 {[%clk 0:07:13]}
25. Rxd7 {[%clk 0:06:05]} Qxd7 {[%clk 0:07:41]} 26. Nxc4 {[%clk 0:05:37]} Bxc4
{[%clk 0:07:55]} 27. Be3 {[%clk 0:05:53]} Be6 {[%clk 0:06:55]} 28. Kh2 {[%clk
0:05:26]} f6 {[%clk 0:06:49]} 29. Bf1 {[%clk 0:03:22]} Kf7 {[%clk 0:04:20]} 30.
Qc1 {[%clk 0:02:29]} Kf8 {[%clk 0:02:35]} 31. Qe1 {[%clk 0:02:16]} Qc8 {[%clk
0:02:37]} 32. Qc3 {[%clk 0:02:29]} Qd7 {[%clk 0:02:51]} 33. Qe1 {[%clk
0:01:44]} Qc8 {[%clk 0:01:49]} 34. Qc3 {[%clk 0:02:09]} 1/2-1/2

[Event "DEM U18w 2022"]
[Site "Willingen GER"]
[Date "2022.06.05"]
[Round "1"]
[White "Schneider, Katharina"]
[Black "Wagner, Julia"]
[Result "0-1"]
[Termination "normal"]
[Board "5"]
[WhiteElo "1810"]
[BlackElo "1361"]
[WhiteClock "00:10:41"]
[BlackClock "00:08:14"]
[PlyCount "96"]
[WhiteFideId "16200519"]
[BlackFideId "16259351"]
[EventCountry "GER"]
[EventRounds "9"]
[EventType "swiss"]
[EventDate "2022.06.04"]

1. e4 {[%clk 1:30:57]} e5 {[%clk 1:30:54]} 2. Nf3 {[%clk 1:31:21]} Nc6 {[%clk
1:31:19]} 3. Bc4 {[%clk 1:31:47]} Bc5 {[%clk 1:31:43]} 4. c3 {[%clk 1:32:12]}
Nf6 {[%clk 1:32:07]} 5. d4 {[%clk 1:32:33]} exd4 {[%clk 1:32:24]} 6. cxd4
{[%clk 1:32:46]} Bb4+ {[%clk 1:32:29]} 7. Bd2 {[%clk 1:33:02]} Nxe4 {[%clk
1:32:01]} 8. Bxb4 {[%clk 1:33:27]} Nxb4 {[%clk 1:32:25]} 9. Qe2 {[%clk
1:13:26]} d5 {[%clk 1:21:55]} 10. a3 {[%clk 0:43:33]} Nc6 {[%clk 1:11:11]} 11.
Bxd5 {[%clk 0:39:39]} Qxd5 {[%clk 1:10:01]} 12. Nc3 {[%clk 0:38:37]} Qe6 {[%clk
1:05:25]} 13. Nxe4 {[%clk 0:30:01]} O-O {[%clk 1:01:30]} 14. O-O {[%clk
0:26:39]} Qg6 {[%clk 0:52:17]} 15. Ng3 {[%clk 0:20:35]} Bg4 {[%clk 0:43:04]}
16. Rad1 {[%clk 0:19:46]} Rfe8 {[%clk 0:38:35]} 17. Qd3 {[%clk 0:17:14]} Rad8
{[%clk 0:34:43]} 18. Qb5 {[%clk 0:08:07]} Bxf3 {[%clk 0:31:37]} 19. gxf3 {[%clk
0:08:34]} b6 {[%clk 0:29:55]} 20. Rd3 {[%clk 0:06:33]} Ne7 {[%clk 0:27:17]} 21.
Re1 {[%clk 0:06:36]} f5 {[%clk 0:26:50]} 22. f4 {[%clk 0:05:58]} Nd5 {[%clk
0:21:45]} 23. Rxe8+ {[%clk 0:06:11]} Qxe8 {[%clk 0:22:08]} 24. Qxe8+ {[%clk
0:06:18]} Rxe8 {[%clk 0:22:31]} 25. Rf3 {[%clk 0:05:44]} g6 {[%clk 0:21:58]}
26. Kf1 {[%clk 0:06:05]} a5 {[%clk 0:19:28]} 27. h4 {[%clk 0:05:39]} Re6 {[%clk
0:17:36]} 28. Ne2 {[%clk 0:05:56]} Re4 {[%clk 0:17:32]} 29. Ke1 {[%clk
0:06:07]} Kf7 {[%clk 0:14:36]} 30. Kd2 {[%clk 0:06:04]} Ke7 {[%clk 0:13:55]}
31. Nc3 {[%clk 0:05:58]} Rxd4+ {[%clk 0:12:35]} 32. Kc2 {[%clk 0:06:18]} Nxc3
{[%clk 0:12:52]} 33. Kxc3 {[%clk 0:06:42]} Re4 {[%clk 0:10:50]} 34. Kd3 {[%clk
0:07:06]} Kd6 {[%clk 0:10:58]} 35. Kc3 {[%clk 0:06:55]} c6 {[%clk 0:10:06]} 36.
b4 {[%clk 0:07:03]} axb4+ {[%clk 0:08:15]} 37. axb4 {[%clk 0:07:29]} b5 {[%clk
0:08:11]} 38. Rd3+ {[%clk 0:07:49]} Kc7 {[%clk 0:08:27]} 39. Rd4 {[%clk
0:07:18]} Rxd4 {[%clk 0:06:18]} 40. Kxd4 {[%clk 0:07:44]} Kd6 {[%clk 0:06:43]}
41. f3 {[%clk 0:07:56]} h5 {[%clk 0:06:52]} 42. Kc3 {[%clk 0:08:13]} Kd5 {[%clk
0:06:44]} 43. Kd3 {[%clk 0:08:32]} c5 {[%clk 0:06:59]} 44. Kc3 {[%clk 0:08:55]}
cxb4+ {[%clk 0:07:07]} 45. Kxb4 {[%clk 0:09:20]} Kd4 {[%clk 0:07:09]} 46. Kxb5
{[%clk 0:09:48]} Ke3 {[%clk 0:07:30]} 47. Kc4 {[%clk 0:10:14]} Kxf3 {[%clk
0:07:52]} 48. Kd3 {[%clk 0:10:41]} Kxf4 {[%clk 0:08:14]} 0-1

[Event "DEM U18w 2022"]
[Site "Willingen GER"]
[Date "2022.06.05"]
[Round "1"]
[White "Gröschel, Karoline"]
[Black "Falke, Ornella"]
[Result "0-1"]
[Termination "normal"]
[Board "6"]
[WhiteElo "1546"]
[BlackElo "1872"]
[WhiteClock "00:28:19"]
[BlackClock "00:31:57"]
[PlyCount "92"]
[WhiteFideId "34610537"]
[BlackFideId "16207092"]
[EventCountry "GER"]
[EventRounds "9"]
[EventType "swiss"]
[EventDate "2022.06.04"]

1. e4 {[%clk 1:30:58]} c5 {[%clk 1:30:49]} 2. Nf3 {[%clk 1:31:21]} d6 {[%clk
1:31:05]} 3. d4 {[%clk 1:31:46]} cxd4 {[%clk 1:31:29]} 4. Nxd4 {[%clk 1:32:06]}
Nf6 {[%clk 1:31:51]} 5. Nc3 {[%clk 1:32:28]} g6 {[%clk 1:32:11]} 6. Be3 {[%clk
1:32:39]} Bg7 {[%clk 1:31:40]} 7. f3 {[%clk 1:33:01]} a6 {[%clk 1:30:09]} 8.
Qd2 {[%clk 1:29:04]} h5 {[%clk 1:30:20]} 9. Be2 {[%clk 1:26:05]} Nbd7 {[%clk
1:28:34]} 10. O-O-O {[%clk 1:18:39]} b5 {[%clk 1:25:04]} 11. Kb1 {[%clk
1:09:39]} Bb7 {[%clk 1:18:34]} 12. h4 {[%clk 1:00:59]} Rc8 {[%clk 0:52:36]} 13.
Bf1 {[%clk 0:41:29]} Nc5 {[%clk 0:47:35]} 14. Nb3 Na4 {[%clk 0:37:12]} 15. Nxa4
{[%clk 0:36:52]} bxa4 {[%clk 0:37:38]} 16. Na5 {[%clk 0:33:18]} Bxe4 {[%clk
0:19:08]} 17. fxe4 {[%clk 0:33:00]} Nxe4 {[%clk 0:19:21]} 18. Qd5 {[%clk
0:31:18]} Rb8 {[%clk 0:13:19]} 19. Nb7 {[%clk 0:24:45]} Qc7 {[%clk 0:10:35]}
20. Qxe4 {[%clk 0:23:43]} Rxb7 {[%clk 0:10:32]} 21. Qxa4+ {[%clk 0:23:33]} Kf8
{[%clk 0:10:39]} 22. Bd4 {[%clk 0:22:46]} e5 {[%clk 0:11:04]} 23. Be3 {[%clk
0:20:37]} Qc3 {[%clk 0:10:40]} 24. Bc1 {[%clk 0:17:49]} e4 {[%clk 0:10:56]} 25.
Qb3 {[%clk 0:12:48]} Rxb3 {[%clk 0:11:14]} 26. axb3 {[%clk 0:12:34]} Qe5 {[%clk
0:10:56]} 27. Bxa6 {[%clk 0:12:48]} Ke7 {[%clk 0:11:02]} 28. Bc4 {[%clk
0:12:50]} Qa5 {[%clk 0:10:23]} 29. Rhf1 {[%clk 0:12:19]} f5 {[%clk 0:09:09]}
30. Bf4 {[%clk 0:11:37]} Ra8 {[%clk 0:07:09]} 31. Bxd6+ {[%clk 0:11:19]} Ke8
{[%clk 0:07:14]} 32. Ba3 {[%clk 0:09:51]} Rd8 {[%clk 0:05:16]} 33. Rxd8+ {[%clk
0:09:21]} Qxd8 {[%clk 0:05:41]} 34. Bb5+ {[%clk 0:08:30]} Kf7 {[%clk 0:06:05]}
35. Bc4+ {[%clk 0:08:23]} Kf6 {[%clk 0:06:19]} 36. Bb4 {[%clk 0:08:27]} g5
{[%clk 0:06:01]} 37. hxg5+ {[%clk 0:07:42]} Kxg5 {[%clk 0:06:20]} 38. Be6
{[%clk 0:07:47]} f4 {[%clk 0:06:34]} 39. Re1 {[%clk 0:05:16]} e3 {[%clk
0:03:22]} 40. Kc1 {[%clk 0:03:40]} Qd4 {[%clk 0:02:41]} 41. Bc3 {[%clk
0:30:23]} Qd6 {[%clk 0:31:56]} 42. Rd1 {[%clk 0:29:01]} Qxe6 {[%clk 0:31:52]}
43. Bxg7 {[%clk 0:29:05]} e2 {[%clk 0:31:54]} 44. Re1 {[%clk 0:29:12]} Qe3+
{[%clk 0:31:54]} 45. Kb1 {[%clk 0:29:19]} Qf2 {[%clk 0:31:49]} 46. Bc3 {[%clk
0:28:19]} Qxg2 {[%clk 0:31:57]} 0-1

[Event "DEM U18w 2022"]
[Site "Willingen GER"]
[Date "2022.06.05"]
[Round "1"]
[White "Dietz, Kristin"]
[Black "Jacoby, Angelina"]
[Result "1-0"]
[Termination "normal"]
[Board "7"]
[WhiteElo "1739"]
[BlackElo "1535"]
[WhiteClock "00:33:37"]
[BlackClock "00:15:34"]
[PlyCount "49"]
[WhiteFideId "12993743"]
[BlackFideId "12999008"]
[EventCountry "GER"]
[EventRounds "9"]
[EventType "swiss"]
[EventDate "2022.06.04"]

1. e4 {[%clk 1:30:58]} d5 {[%clk 1:30:55]} 2. exd5 {[%clk 1:31:24]} Qxd5 {[%clk
1:31:21]} 3. Nc3 {[%clk 1:31:47]} Qd8 {[%clk 1:31:40]} 4. d4 {[%clk 1:32:11]}
Nf6 {[%clk 1:32:01]} 5. Nf3 {[%clk 1:32:12]} Bg4 {[%clk 1:25:25]} 6. h3 {[%clk
1:32:22]} Bxf3 {[%clk 1:25:41]} 7. Qxf3 {[%clk 1:32:36]} c6 {[%clk 1:25:58]} 8.
Bf4 {[%clk 1:31:28]} e6 {[%clk 1:25:08]} 9. O-O-O {[%clk 1:31:08]} Bb4 {[%clk
1:24:21]} 10. Bc4 {[%clk 1:29:04]} Nd5 {[%clk 1:13:10]} 11. Bxd5 {[%clk
1:25:54]} cxd5 {[%clk 0:49:48]} 12. Qg4 {[%clk 1:03:16]} O-O {[%clk 0:41:19]}
13. Be5 {[%clk 0:58:51]} g6 {[%clk 0:39:56]} 14. h4 {[%clk 0:52:57]} Nd7 {[%clk
0:27:29]} 15. h5 {[%clk 0:52:12]} Nxe5 {[%clk 0:24:26]} 16. dxe5 {[%clk
0:52:01]} Bxc3 {[%clk 0:21:11]} 17. hxg6 {[%clk 0:39:24]} Bxb2+ {[%clk
0:20:17]} 18. Kb1 {[%clk 0:32:17]} fxg6 {[%clk 0:19:21]} 19. Qxe6+ {[%clk
0:32:04]} Kg7 {[%clk 0:19:24]} 20. Rxd5 {[%clk 0:31:58]} Qe8 {[%clk 0:17:41]}
21. Rd7+ {[%clk 0:32:02]} Rf7 {[%clk 0:16:14]} 22. Rxf7+ {[%clk 0:32:20]} Qxf7
{[%clk 0:15:19]} 23. Rxh7+ {[%clk 0:32:44]} Kxh7 {[%clk 0:15:35]} 24. Qxf7+
{[%clk 0:33:11]} Kh6 {[%clk 0:15:34]} 25. Kxb2 {[%clk 0:33:37]} 1-0

[Event "DEM U18w 2022"]
[Site "Willingen GER"]
[Date "2022.06.05"]
[Round "1"]
[White "Albayrak, Nese Pinar"]
[Black "Müller, Sophie Charlotte"]
[Result "1-0"]
[Termination "normal"]
[Board "9"]
[WhiteElo "1683"]
[BlackElo "1509"]
[WhiteClock "00:33:05"]
[BlackClock "00:27:00"]
[PlyCount "36"]
[WhiteFideId "16255259"]
[BlackFideId "16246683"]
[EventCountry "GER"]
[EventRounds "9"]
[EventType "swiss"]
[EventDate "2022.06.04"]

1. e4 {[%clk 1:30:55]} d6 {[%clk 1:30:47]} 2. d4 {[%clk 1:31:19]} g6 {[%clk
1:31:12]} 3. Nc3 {[%clk 1:31:39]} Bg7 {[%clk 1:31:31]} 4. Be3 {[%clk 1:31:57]}
Nd7 {[%clk 1:31:46]} 5. Nf3 {[%clk 1:30:53]} a6 {[%clk 1:30:01]} 6. a4 {[%clk
1:26:52]} Ngf6 {[%clk 1:28:06]} 7. h3 {[%clk 1:24:07]} O-O {[%clk 1:25:21]} 8.
Bc4 {[%clk 1:11:19]} h5 {[%clk 1:16:23]} 9. Qd2 {[%clk 1:05:25]} e5 {[%clk
1:05:54]} 10. O-O {[%clk 0:57:20]} b6 {[%clk 0:57:18]} 11. Rfe1 {[%clk
0:47:12]} Bb7 {[%clk 0:56:23]} 12. Bh6 {[%clk 0:42:07]} exd4 {[%clk 0:46:49]}
13. Nxd4 {[%clk 0:40:01]} Re8 {[%clk 0:43:18]} 14. Bxg7 {[%clk 0:37:28]} Kxg7
{[%clk 0:43:46]} 15. Qg5 {[%clk 0:35:02]} Re5 {[%clk 0:27:53]} 16. Nf5+ {[%clk
0:32:28]} Kg8 {[%clk 0:27:36]} 17. Qxg6+ {[%clk 0:32:45]} Kf8 {[%clk 0:27:00]}
18. Qxf7# {[%clk 0:33:05]} Ke8 1-0

[Event "DEM U18w 2022"]
[Site "Willingen GER"]
[Date "2022.06.05"]
[Round "2"]
[White "Albayrak, Nese Pinar"]
[Black "Bardorz, Jana"]
[Result "1/2-1/2"]
[Termination "normal"]
[Board "1"]
[WhiteElo "1683"]
[BlackElo "1974"]
[WhiteClock "00:01:31"]
[BlackClock "00:07:47"]
[PlyCount "66"]
[WhiteFideId "16255259"]
[BlackFideId "16208897"]
[EventCountry "GER"]
[EventRounds "9"]
[EventType "swiss"]
[EventDate "2022.06.04"]

1. e4 {[%clk 1:30:56]} e5 {[%clk 1:30:56]} 2. Nf3 {[%clk 1:31:22]} Nc6 {[%clk
1:31:20]} 3. Bb5 {[%clk 1:31:47]} a6 {[%clk 1:31:45]} 4. Ba4 {[%clk 1:32:12]}
Nf6 {[%clk 1:32:06]} 5. Nc3 {[%clk 1:32:19]} b5 {[%clk 1:28:26]} 6. Bb3 {[%clk
1:32:42]} Be7 {[%clk 1:28:24]} 7. d3 {[%clk 1:32:09]} d6 {[%clk 1:27:36]} 8. a3
{[%clk 1:31:56]} Be6 {[%clk 1:21:34]} 9. Nd5 {[%clk 1:28:57]} h6 {[%clk
1:14:23]} 10. h3 {[%clk 1:25:30]} Nb8 {[%clk 1:10:58]} 11. Be3 {[%clk 1:16:45]}
Nbd7 {[%clk 1:09:43]} 12. O-O {[%clk 1:10:59]} c6 {[%clk 1:07:28]} 13. Nxe7
{[%clk 0:52:32]} Qxe7 {[%clk 1:07:13]} 14. Bxe6 {[%clk 0:50:42]} Qxe6 {[%clk
1:04:18]} 15. Re1 {[%clk 0:45:38]} O-O {[%clk 1:02:54]} 16. Nh4 {[%clk
0:41:23]} d5 {[%clk 0:58:47]} 17. Qf3 {[%clk 0:38:47]} Kh7 {[%clk 0:50:53]} 18.
Nf5 {[%clk 0:29:48]} Ne8 {[%clk 0:44:14]} 19. Qg4 {[%clk 0:20:16]} Rd8 {[%clk
0:28:35]} 20. Bd2 {[%clk 0:16:40]} dxe4 {[%clk 0:24:31]} 21. Ba5 {[%clk
0:15:12]} Ndf6 {[%clk 0:21:59]} 22. Qh4 {[%clk 0:11:42]} Rc8 {[%clk 0:20:27]}
23. dxe4 {[%clk 0:11:22]} Nd6 {[%clk 0:19:59]} 24. Nxd6 {[%clk 0:09:09]} Qxd6
{[%clk 0:20:23]} 25. Rad1 {[%clk 0:09:21]} Qe6 {[%clk 0:19:39]} 26. Rd3 {[%clk
0:06:29]} c5 {[%clk 0:19:54]} 27. Qg3 {[%clk 0:05:31]} Rc6 {[%clk 0:13:53]} 28.
f3 {[%clk 0:03:57]} Rd6 {[%clk 0:13:27]} 29. Red1 {[%clk 0:03:37]} Rxd3 {[%clk
0:13:24]} 30. Rxd3 {[%clk 0:04:01]} Nh5 {[%clk 0:11:35]} 31. Qg4 {[%clk
0:03:15]} Qxg4 {[%clk 0:09:35]} 32. hxg4 {[%clk 0:03:41]} Nf4 {[%clk 0:08:15]}
33. Rd6 {[%clk 0:01:31]} Ra8 {[%clk 0:07:47]} 1/2-1/2

[Event "DEM U18w 2022"]
[Site "Willingen GER"]
[Date "2022.06.05"]
[Round "2"]
[White "Basovskiy, Jana"]
[Black "Krömer, Paulina"]
[Result "1/2-1/2"]
[Termination "normal"]
[Board "5"]
[WhiteElo "1938"]
[BlackElo "1583"]
[WhiteClock "00:18:19"]
[BlackClock "00:25:26"]
[PlyCount "89"]
[WhiteFideId "16208617"]
[BlackFideId "16212363"]
[EventCountry "GER"]
[EventRounds "9"]
[EventType "swiss"]
[EventDate "2022.06.04"]

1. e4 {[%clk 1:30:58]} c5 {[%clk 1:30:57]} 2. Nf3 {[%clk 1:31:25]} a6 {[%clk
1:31:23]} 3. g3 {[%clk 1:26:07]} b5 {[%clk 1:24:43]} 4. Bg2 {[%clk 1:23:16]}
Bb7 {[%clk 1:24:28]} 5. d3 {[%clk 1:17:00]} e6 {[%clk 1:22:59]} 6. O-O {[%clk
1:15:05]} Be7 {[%clk 1:18:17]} 7. Re1 {[%clk 1:10:36]} Nf6 {[%clk 1:14:58]} 8.
Nbd2 {[%clk 0:58:03]} O-O {[%clk 1:12:09]} 9. e5 {[%clk 0:48:36]} Ne8 {[%clk
1:10:04]} 10. Ne4 {[%clk 0:46:19]} d5 {[%clk 0:59:10]} 11. Ned2 {[%clk
0:42:23]} Nc6 {[%clk 0:52:47]} 12. Nf1 {[%clk 0:41:58]} Nc7 {[%clk 0:51:06]}
13. h4 {[%clk 0:42:09]} d4 {[%clk 0:44:37]} 14. h5 {[%clk 0:42:24]} Nd5 {[%clk
0:40:49]} 15. h6 {[%clk 0:42:18]} g6 {[%clk 0:41:08]} 16. N1h2 {[%clk 0:42:05]}
Qc7 {[%clk 0:37:17]} 17. Ng4 {[%clk 0:41:48]} f5 {[%clk 0:31:15]} 18. exf6
{[%clk 0:38:05]} Nxf6 {[%clk 0:29:25]} 19. Bf4 {[%clk 0:30:05]} Qc8 {[%clk
0:22:42]} 20. Ng5 {[%clk 0:25:25]} Nxg4 {[%clk 0:19:11]} 21. Qxg4 {[%clk
0:25:46]} e5 {[%clk 0:13:54]} 22. Qxc8 {[%clk 0:21:40]} Raxc8 {[%clk 0:14:18]}
23. Bd5+ {[%clk 0:19:03]} Kh8 {[%clk 0:13:52]} 24. Bxc6 {[%clk 0:14:47]} Bxc6
{[%clk 0:13:41]} 25. Bxe5+ {[%clk 0:15:13]} Kg8 {[%clk 0:12:06]} 26. Bf4 {[%clk
0:13:46]} Bxg5 {[%clk 0:06:42]} 27. Bxg5 {[%clk 0:14:10]} Bf3 {[%clk 0:06:07]}
28. Re7 {[%clk 0:05:41]} Rf5 {[%clk 0:05:40]} 29. Bh4 {[%clk 0:05:55]} Rh5
{[%clk 0:05:16]} 30. Rg7+ {[%clk 0:05:35]} Kh8 {[%clk 0:05:36]} 31. Re1 {[%clk
0:05:36]} Rxh6 {[%clk 0:05:36]} 32. Ree7 {[%clk 0:05:29]} Rg8 {[%clk 0:05:16]}
33. Rgf7 {[%clk 0:04:41]} g5 {[%clk 0:04:36]} 34. Rxf3 {[%clk 0:04:29]} gxh4
{[%clk 0:05:03]} 35. Kg2 {[%clk 0:04:27]} hxg3 {[%clk 0:04:12]} 36. fxg3 {[%clk
0:04:50]} Rhg6 {[%clk 0:04:37]} 37. Kf2 {[%clk 0:04:39]} R6g7 {[%clk 0:03:07]}
38. Rff7 {[%clk 0:04:17]} Rxf7+ {[%clk 0:02:54]} 39. Rxf7 {[%clk 0:04:45]} Re8
{[%clk 0:03:08]} 40. Rf5 {[%clk 0:02:58]} c4 {[%clk 0:02:53]} 41. Rd5 {[%clk
0:29:07]} Rc8 {[%clk 0:24:46]} 42. Ke2 {[%clk 0:18:38]} c3 {[%clk 0:24:50]} 43.
b3 {[%clk 0:18:59]} Re8+ {[%clk 0:25:07]} 44. Kf2 {[%clk 0:19:17]} Rf8+ {[%clk
0:25:26]} 45. Ke2 {[%clk 0:18:19]} 1/2-1/2